[Event "GER-ch U10"]
[Site "Willingen"]
[Date "2017.06.07"]
[Round "6"]
[White "Hubert, Nikita"]
[Black "Friedhoff, Mirco"]
[Result "0-1"]
[WhiteElo "957"]
[BlackElo "1095"]
[PlyCount "38"]
[EventDate "2017.06.04"]
[EventType "swiss"]
[EventRounds "11"]
[EventCountry "GER"]
[SourceTitle "CBM 178 Extra"]
[Source "ChessBase"]
[SourceDate "2017.06.22"]
[SourceVersion "1"]
[SourceVersionDate "2017.06.22"]
[SourceQuality "1"]

1. e4 e5 2. f4 d5 3. exd5 exf4 4. Nc3 Qh4+ 5. Ke2 Bg4+ 6. Nf3 Bc5 7. d4 Qe7+ 8. Kf2 Bd6 9. Bd3 Bxf3 10. Kxf3 Qg5 11. Nb5 Qxd5+ 12. Be4 Qxb5 13. Kf2 Nf6 14. a4 Nxe4+ 15. Ke1 Qf5 16. Qe2 0-0 17. g4 Qe6 18. c4 Re8 19. Qf3 Ng5+ 0-1